|
|
|
|
| LEADER |
00000nam a22000005a 4500 |
| 001 |
vtls010598501 |
| 003 |
SK-MaSNL |
| 005 |
20260425230156.0 |
| 008 |
160429s2014 xo 000 0 slo |
| 015 |
|
|
|a SNBA2014/06
|
| 020 |
|
|
|a 9788089591114 (brož.)
|
| 040 |
|
|
|a SNK
|b slo
|c SNK
|e AACR2
|
| 041 |
0 |
|
|a slo
|
| 043 |
|
|
|a e-xo---
|
| 044 |
|
|
|a xo
|c SK
|
| 072 |
|
7 |
|a 72/76
|x Výtvarné umenie
|2 konspekt
|
| 080 |
|
|
|a 72/76.071.1
|2 2001
|
| 080 |
|
|
|a (=214.58)
|2 2001
|
| 080 |
|
|
|a (437.6)
|2 2001
|
| 080 |
|
|
|a (083.824)
|2 2001
|
| 080 |
|
|
|a 72/76(=214.58)
|2 2001
|
| 245 |
0 |
0 |
|a Romane čercheňa - rómske hviezdy
|b OZ Nová cesta realizuje výstavu výtvarných prác rómskych umelcov
|c [vypracovala: Dagmar Horváthová]
|
| 260 |
|
|
|a Michalovce
|b Renoma
|c 2014
|
| 300 |
|
|
|a [16] s.
|b fareb. fotogr.
|c 28 cm
|
| 500 |
|
|
|a Názov z obalu
|
| 648 |
|
7 |
|a 20.-21. stor.
|2 SNKPH
|9 270701
|
| 648 |
|
7 |
|a 20th-21st centuries
|2 SNKPHeng
|9 285312
|
| 650 |
0 |
7 |
|a Romanies
|2 SNKPHeng
|9 302857
|
| 650 |
0 |
7 |
|a výtvarníci
|2 SNKPH
|9 118705
|
| 650 |
0 |
7 |
|a Artists
|2 SNKPHeng
|9 265151
|
| 650 |
0 |
7 |
|a rómske výtvarné umenie
|2 SNKPH
|9 101169
|
| 650 |
0 |
7 |
|a Romani art
|2 SNKPHeng
|9 418574
|
| 650 |
0 |
7 |
|a Rómovia
|2 SNKPH
|9 1702
|
| 651 |
|
7 |
|a Slovensko
|2 SNKPH
|9 14231
|
| 651 |
|
7 |
|a Slovakia
|2 SNKPHeng
|9 92630
|
| 655 |
|
7 |
|a katalógy výstav
|2 SNKPH
|9 70445
|
| 655 |
|
7 |
|a Exhibition catalogs
|2 SNKPHeng
|9 266232
|
| 700 |
1 |
|
|a Horváthová, Dagmar
|4 com
|9 418575
|
| 919 |
|
|
|a 978-80-89591-11-4
|
| 999 |
|
|
|c 668554
|d 670484
|
| 952 |
|
|
|a SNK
|b SNK
|y PREZ
|7 0
|p 17A1110550
|o snkOSB 17524
|i snk2014/12088
|8 0
|0 0
|1 0
|4 0
|d 2014-05-23
|l 0
|r 2026-02-23 19:17:45
|w 2026-02-23
|
| 952 |
|
|
|a SNK
|b SNK
|y VYP
|7 0
|p 17A1110551
|o snkOSB 17524 D1
|i snk2014/12089
|8 0
|0 0
|1 0
|4 0
|d 2014-05-23
|l 0
|r 2026-02-23 19:17:45
|w 2026-02-23
|